000 00456nam a2200145 a 4500
001 000029298
005 20200930055446.0
008 110414s19uu dr 000 0 spa d
040 _aDO-SdBNP
_bspa
_cBNPHU
110 1 _aRepública Dominicana.
_bPartido Social Demócrata Nacional
_956183
245 1 0 _aPSN :
_bhacia un nuevo rumbo junto al pueblo y por la paz.
260 _aSanto Domingo :
_bTele-3,
_c[19--?].
300 _a25 p. ;
_c22 cm.
049 _aBNPD
999 _c28790
_d28790